Ozimná repka nasleduje po ozimnej pšenici

Bibliographic Details
Main Author: Dráč, Peter (Author)
Format: Article
Language:Slovak
PhysicalDescription:Tab.
ISSN:1335-440X
Subjects:

MARC

LEADER 00000nab a2200000 a 4500
001 vtls000842249
003 SK-MaSNL
005 20260302165402.0
008 180205c2003 xo 0 slo
015 |a SNBRB2003/08-22481 
035 |a CLN000193904 
040 |a SNKBUCL  |b slo  |c SNKBUCL  |e AACR2 
041 0 |a slo 
044 |a xo  |c SK 
080 |a 633.85"324"  |2 UDC-MRF-SK2 
100 1 |a Dráč, Peter  |4 aut  |9 847922 
245 1 0 |a Ozimná repka nasleduje po ozimnej pšenici  |c Peter Dráč 
300 |b Tab. 
650 0 7 |a repka ozimná  |x predplodiny  |x pšenica ozimná  |2 snkbucl  |9 869890 
655 7 |a články z novín a časopisov  |2 snkbucl  |9 267496 
773 0 |x 1335-440X  |t Sme. Roľnícke noviny  |g Č. 152 (8.8.2003) 
773 0 |x 1335-440X  |t [Príl.] Roľnícke noviny  |g Č. 10 (8.8.2003), s. 9 
850 |a Slovenská národná knižnica v Martine 
852 |a SNK  |b KIS3GCP 
958 |a RBX 
999 |c 1389821  |d 1391751